00892cam a22002531 4500999001500000001000900015003000600024005001700030008004100047010001700088035001900105040002000124042001200144050001600156082001500172100002800187245015600215260004700371300002700418650002600445906004500471942001200516952011000528 c5190d519010294849GBCCL20241126110535.0760214s1959 maua 000 0 eng  a 59041032  a(OCoLC)1990783 aDLCcCtFaUdDLC apremarc00aBT769b.S86 a234.1bSWI1 aSwizdor, Matthew.9934510aGod in me;ba popular explanation of sanctifying grace or the mystery of God's life in us.cPref. by Lawrence J. Shehan. Illustrated by Kay B. Leitten. aGranby, Mass.,bFranciscan Fathersc[1959] a149 p.billus.c23 cm. 0aMystical union.98822 a7bcbccoclcrplduencipf19gy-gencatlg 2ddccBK 00102ddc4070aGBCbGBCcTHd2018-03-02l0o234.1 SWIp000627r2025-05-01 00:00:00tc.1w2018-03-02yBK